| 000 | 01197nam a22003015i 4500 | ||
|---|---|---|---|
| 999 |
_c28137 _d28108 |
||
| 003 | EG-ScBUE | ||
| 005 | 20200218110753.0 | ||
| 008 | 200218s2019 ii a f bd 001 0 eng d | ||
| 020 | _a9789352707614 | ||
| 040 |
_aEG-ScBUE _beng _erda _cEG-ScBUE _dEG-ScBUE |
||
| 082 | 0 | 4 |
_a610.73072 _bKUM _222 |
| 100 | 1 |
_aKumer, Rajesh, _eauthor. |
|
| 245 | 1 | 0 |
_aNursing research & statistics / _cRajesh Kumar, PhD (N), RN, RM, Assistant Professor, College of Nursing, All India Institute of Medical Sciences (AIIMS), Rishikesh, Uttarakhand, India ; foreword by K. Reddemma. |
| 246 | 3 | _aNursing research and statistics | |
| 250 | _aSecond edition. | ||
| 264 | 1 |
_aNew Delhi : _bJaypee Brothers Medical Publishers : _bThe Health Sciences Publisher, _c2019. |
|
| 300 |
_axvii, 376 pages : _billustrations ; _c24 cm |
||
| 336 |
_atext _btxt _2rdacontent |
||
| 337 |
_aunmediated _bn _2rdamedia |
||
| 338 |
_avolume _bnc _2rdacarrier |
||
| 500 | _aIncludes glossary. | ||
| 504 | _aIncludes bibliographical references and index. | ||
| 650 | 7 |
_aNursing _xResearch. _2BUEsh |
|
| 653 |
_bNNUR _cFebruary2020 |
||
| 700 | 1 |
_aReddemma, K., _eauthor of introduction, etc. |
|
| 942 |
_2ddc _cBB |
||